000 01039 a2200217 4500
001 54488
005 20260407155817.0
008 260407a1970 arg spa d
003 AR-UNSa-BCEJYS
040 _aAR-UNSa-BCEJYS
_bspa
_cAR-UNSa-BCEJYS
080 _a332.1
_xEconomía regional. Economía territorial
245 1 0 _aDesarrollo económico regional
_penfoque por cuencas hidrológicas de Mexico
264 1 _aMéxico :
_bSiglo Veintiuno editores
_c1970
300 _aviii, 267 p.
_c21 cm.
505 _aI. Política del desarrollo regional en los países menos desarrollados - II. El desarrollo regional en México - III. La preocupación mexicana por el desarrollo regional - IV. Políticas mexicanas de desarrollo regional - V. La cuenca del río Tepalcatepec - VI. El efecto de la comisión del Tepalcatepec sobre la tierra caliente - VII. Una evaluación de las actividades de la comisión
041 _aspa
942 _cBK
590 _aniveau_biblio:m niveau_hierar:0
100 1 _aBarkin, David
700 1 _aKing, Timothy
999 _c5587
_d5587